header

A landscape transformed (Record no. 23755)

MARC details
000 -LEADER
fixed length control field 01299nam a2200301Ia 4500
100 1# - MAIN ENTRY--AUTHOR NAME
Personal name Gordon, Robert B.
245 12 - TITLE STATEMENT
Title A landscape transformed
260 ## - PUBLICATION, DISTRIBUTION, ETC. (IMPRINT)
Place of publication Oxford [England] ;
-- New York :
Name of publisher Oxford University Press,
Year of publication 2001.
300 ## - PHYSICAL DESCRIPTION
Number of Pages x, 159 p. :
Other physical details ill., maps.
650 #0 - SUBJECT ADDED ENTRY--TOPICAL TERM
Topical Term Iron-works
Topical Term Industrial ecology
856 40 - ELECTRONIC LOCATION AND ACCESS
Uniform Resource Identifier http://site.ebrary.com/lib/rucke/Doc?id=10269165

No items available.

© 2026 Rongo University
Contact us: librarian | system librarian | Rongo university